Car Brand Ownership - Statistics

General Stats
  • This quiz has been taken 17 times
  • The average score is 20 of 30
Answer Stats
Hint Answer % Correct
Cadillac GM
92%
Chevrolet GM
83%
Hyundai Hyundai
83%
Lexus Toyota
83%
Daihatsu Toyota
83%
VW VW
83%
BMW BMW
75%
Buick GM
75%
Renault Renault
75%
Toyota Toyota
75%
Skoda VW
75%
Audi VW
75%
Porsche VW
75%
Mini BMW
67%
Rolls Royce BMW
67%
Kia Hyundai
67%
Mercedes Benz Mercedes
67%
Fiat Stellantis
67%
Smart Mercedes
58%
Alfa Romeo Stellantis
58%
Chrysler Stellantis
58%
Seat VW
58%
Dacia Renault
50%
Jeep Stellantis
50%
Land Rover Tata Motors
50%
Jaguar Tata Motors
50%
Lamborghini VW
50%
Citroen Stellantis
42%
Opel Stellantis
42%
Dodge Stellantis
42%
No matching quizzes found
Score Distribution
Percent of People with Each Score
Percentile by Number Answered
Your Score History
You have not taken this quiz